[Event "Irkutsk-ch"]
[Site "Irkutsk"]
[Date "2016.12.25"]
[Round "7"]
[White "Kyshtymov, Daniil"]
[Black "Ginzburg, Georgy"]
[Result "0-1"]
[WhiteElo "2028"]
[BlackElo "2198"]
[PlyCount "94"]
[EventDate "2016.12.16"]
[EventType "tourn"]
[EventRounds "9"]
[EventCountry "RUS"]
[SourceTitle "CBM 176 Extra"]
[Source "ChessBase"]
[SourceDate "2017.03.02"]
[SourceVersion "1"]
[SourceVersionDate "2017.03.02"]
[SourceQuality "1"]

1. e4 c5 2. Nf3 Nc6 3. d4 cxd4 4. Nxd4 e6 5. Nc3 Bb4 6. Ndb5 Nf6 7. a3 Bxc3+ 8. Nxc3 d5 9. exd5 exd5 10. Bg5 0-0 11. Be2 h6 12. Bxf6 Qxf6 13. Qxd5 Nd4 14. 0-0 Nxe2+ 15. Nxe2 Qxb2 16. Nd4 Qb6 17. c3 Qc7 18. Nb5 Qa5 19. c4 Be6 20. Qd4 Rfd8 21. Nd6 Qc7 22. Rfd1 Rd7 23. Rd3 Bxc4 24. Rg3 g6 25. Qxc4 Qxd6 26. h3 Re8 27. Rc1 Rde7 28. Kh2 h5 29. Qc5 Qf4 30. Rc4 Re4 31. Rxe4 Rxe4 32. Qg5 Qd6 33. f3 Ra4 34. Qe3 h4 35. Qe8+ Kg7 36. Qxa4 hxg3+ 37. Kh1 Qc5 38. Qf4 Qf2 39. Qc1 b5 40. f4 Kh7 41. h4 Qe2 42. Kg1 a5 43. f5 Qf2+ 44. Kh1 Qxf5 45. Kg1 Qf2+ 46. Kh1 Qd4 47. Qc2 Qa1+ 0-1

[Event "Irkutsk-ch"]
[Site "Irkutsk"]
[Date "2016.12.23"]
[Round "5"]
[White "Kron, Valentin"]
[Black "Ginzburg, Georgy"]
[Result "1-0"]
[WhiteElo "2378"]
[BlackElo "2198"]
[PlyCount "45"]
[EventDate "2016.12.16"]
[EventType "tourn"]
[EventRounds "9"]
[EventCountry "RUS"]
[SourceTitle "CBM 176 Extra"]
[Source "ChessBase"]
[SourceDate "2017.03.02"]
[SourceVersion "1"]
[SourceVersionDate "2017.03.02"]
[SourceQuality "1"]

1. e4 c5 2. Nc3 e6 3. Nge2 d5 4. exd5 exd5 5. d4 Nf6 6. Bg5 Be6 7. Nf4 cxd4 8. Qxd4 Nc6 9. Bxf6 Qxf6 10. Qxf6 gxf6 11. Ncxd5 Bxd5 12. Nxd5 0-0-0 13. 0-0-0 Bh6+ 14. Kb1 Rhg8 15. g3 Kb8 16. Bh3 Rge8 17. Nxf6 Rxd1+ 18. Rxd1 Re2 19. Ng4 Bg7 20. Bf1 Re4 21. Ne3 Rb4 22. b3 Ne5 23. Rd8+ 1-0

[Event "Irkutsk Veda"]
[Site "Irkutsk"]
[Date "2015.08.15"]
[Round "8"]
[White "Ginzburg, Georgy"]
[Black "Bychkov, Vladimir"]
[Result "1/2-1/2"]
[WhiteElo "2196"]
[BlackElo "2032"]
[PlyCount "142"]
[EventDate "2015.08.08"]
[EventType "swiss"]
[EventRounds "9"]
[EventCountry "RUS"]
[SourceTitle "EXT 2018"]
[Source "ChessBase"]
[SourceDate "2017.10.13"]
[SourceVersion "1"]
[SourceVersionDate "2017.10.13"]
[SourceQuality "1"]

1. c4 c6 2. d4 d5 3. cxd5 cxd5 4. Nc3 Nf6 5. Nf3 Nc6 6. Qb3 Na5 7. Qc2 a6 8. Bg5 e6 9. e3 Be7 10. Bd3 h6 11. Bh4 Bd7 12. Ne5 Nc6 13. Nxd7 Nxd7 14. Bxe7 Qxe7 15. a3 Rc8 16. 0-0 0-0 17. Rac1 Na5 18. e4 dxe4 19. Bxe4 Nf6 20. Bf3 Rfd8 21. Rfd1 Nc6 22. Qa4 Qd7 23. Ne4 Nxe4 24. Bxe4 Ne7 25. Rxc8 Qxc8 26. h3 Nd5 27. Qb3 Qc7 28. Qf3 b5 29. g3 a5 30. Bb1 b4 31. axb4 axb4 32. Qe4 Nf6 33. Qe1 Qd6 34. Bc2 Qb6 35. Qe3 Qd6 36. Qb3 Nd5 37. Be4 Ne7 38. Bc2 Nc6 39. Qd3 g6 40. Qe3 Kg7 41. d5 exd5 42. Bb3 d4 43. Qf3 Ne5 44. Qe4 f5 45. Qb7+ Rd7 46. Qc8 Qf8 47. Qa6 f4 48. g4 d3 49. Qb5 Qd6 50. Kg2 d2 51. Rxd2 Qxd2 52. Qxe5+ Kh7 53. Qe8 Rg7 54. Qe5 Qd3 55. Bd5 Qd2 56. Be4 f3+ 57. Bxf3 Rf7 58. h4 Qf4 59. Qd5 Kg7 60. b3 Qf6 61. Kg3 g5 62. h5 Re7 63. Qa8 Qd4 64. Qc6 Qf6 65. Qc4 Rf7 66. Qd5 Re7 67. Kg2 Rf7 68. Qe4 Qd6 69. Qe8 Qd4 70. Qc6 Qf6 71. Qe4 Qd6 1/2-1/2

[Event "Sibiria Region-ch"]
[Site "Irkutsk"]
[Date "2009.05.14"]
[Round "6"]
[White "Fellenger, Alexander"]
[Black "Ginzburg, Georgy"]
[Result "1-0"]
[WhiteElo "2146"]
[BlackElo "2212"]
[PlyCount "67"]
[EventDate "2009.05.10"]
[EventType "swiss"]
[EventRounds "9"]
[EventCountry "RUS"]
[SourceTitle "CBM 130 Extra"]
[Source "ChessBase"]
[SourceDate "2009.07.02"]
[SourceVersion "2"]
[SourceVersionDate "2009.07.15"]
[SourceQuality "1"]

1. e4 c5 2. Nc3 Nc6 3. g3 g6 4. Bg2 Bg7 5. d3 d6 6. Be3 Rb8 7. Qd2 b5 8. f4 b4 9. Nd1 e5 10. Nf3 Bg4 11. 0-0 Bxf3 12. Rxf3 Nf6 13. Bh3 h6 14. Rf1 exf4 15. gxf4 Nh5 16. Bg2 0-0 17. c3 bxc3 18. bxc3 Rb6 19. Rc1 Nf6 20. Nf2 Qe7 21. d4 Rd8 22. Rcd1 Nh7 23. Qc2 g5 24. Nh3 cxd4 25. cxd4 Nb4 26. Qe2 d5 27. e5 f5 28. fxg5 Nxg5 29. Nxg5 hxg5 30. Rxf5 Rg6 31. Qh5 Qe6 32. Bh3 Rh6 33. Qg4 Rh4 34. Rf8+ 1-0

[Event "Sibiria Region-ch"]
[Site "Irkutsk"]
[Date "2009.05.13"]
[Round "5"]
[White "Ginzburg, Georgy"]
[Black "Badmatsyrenov, Oleg"]
[Result "0-1"]
[WhiteElo "2212"]
[BlackElo "2386"]
[PlyCount "106"]
[EventDate "2009.05.10"]
[EventType "swiss"]
[EventRounds "9"]
[EventCountry "RUS"]
[SourceTitle "CBM 130 Extra"]
[Source "ChessBase"]
[SourceDate "2009.07.02"]
[SourceVersion "2"]
[SourceVersionDate "2009.07.15"]
[SourceQuality "1"]

1. c4 Nf6 2. b3 e5 3. Bb2 Nc6 4. Nc3 d5 5. cxd5 Nxd5 6. g3 Be7 7. Bg2 Nb6 8. Nf3 Be6 9. d3 f5 10. Qd2 Bf6 11. Rc1 0-0 12. 0-0 Qe7 13. Qc2 Rad8 14. Nb1 Rfe8 15. Qc5 Qf7 16. Nc3 g5 17. Ne1 Be7 18. Qe3 f4 19. Qd2 Nd5 20. Ne4 Bf5 21. Nc5 Bc8 22. Nf3 g4 23. Nxe5 Nxe5 24. Bxe5 Bxc5 25. Rxc5 Rxe5 26. gxf4 Rh5 27. Rfc1 c6 28. Bxd5 Rdxd5 29. Rxd5 Qxd5 30. Qe3 Qe6 31. Qd2 Qf6 32. Qb4 Qh4 33. Kf1 Qxh2 34. Ke1 Qh1+ 35. Kd2 Qd5 36. Rc4 Qa5 37. Qxa5 Rxa5 38. a4 h5 39. e4 h4 40. Rc1 Rh5 41. Rh1 Be6 42. b4 h3 43. Rh2 a5 44. Kc3 axb4+ 45. Kxb4 Kg7 46. Kc3 Rc5+ 47. Kd2 Kf6 48. f5 Bxf5 49. exf5 Rxf5 50. Ke2 Kg5 51. Rh1 Re5+ 52. Kd2 Kf4 53. Rb1 Kf3 0-1